000 00298nam a2200121Ia 4500
008 190216s9999||||xx |||||||||||||| ||und||
100 _aPadmanabhan K R
245 2 _aA B C Guide To Foot Prints
260 _bAjith Book Center
_c1978
300 _a258p
650 _aEnglish Literature
942 _cBK
999 _c13259
_d13259